[Event "Kieler Open 2015 Gruppe A"]
[Site "Kiel"]
[Date "2015.07.31"]
[Round "9.30"]
[White "Lehr, Thomas"]
[Black "Gutschenreiter, Donato"]
[Result "0-1"]
[WhiteElo "1939"]
[BlackElo "1639"]
[PlyCount "142"]
[EventDate "2015.??.??"]

1. e4 c5 2. b3 d6 3. Bb2 Nf6 4. Bb5+ Bd7 5. Bxd7+ Qxd7 6. d3 Nc6 7. Nd2 g6 8.
a4 Bg7 9. Nc4 O-O 10. Nf3 e6 11. e5 dxe5 12. Nfxe5 Nxe5 13. Bxe5 Qd5 14. O-O
Nh5 15. Bxg7 Kxg7 16. Re1 f6 17. Re4 Kg8 18. Qd2 Rad8 19. Rae1 Ng7 20. Qa5 a6
21. Nb6 Qc6 22. b4 cxb4 23. Rc4 Qd6 24. Qxb4 e5 25. Rb1 Ne6 26. Qxd6 Rxd6 27.
Rcb4 Nc5 28. a5 Rfd8 29. Kf1 f5 30. Rc4 Rc6 31. f3 Rd4 32. Re1 Rxc4 33. Nxc4 e4
34. fxe4 fxe4 35. dxe4 Ne6 36. Ne3 Rc3 37. Re2 Nf4 38. Re1 Rc5 39. Rb1 Rc7 40.
c4 Rf7 41. Rb3 Nd3+ 42. Kg1 Nc5 43. Rb2 Nxe4 44. Nd5 {=} 44... Nc5 45. Rb6 Ne4
46. Rb2 Kf8 47. Re2 Nd6 48. Nb6 Rc7 49. Rd2 Ne4 50. Rd4 Nc5 51. Kf2 Rf7+ 52.
Kg3 Ne6 53. Rd5 Kg7 54. Rd6 Ng5 55. Rd4 h5 56. h4 Ne6 57. Rd6 Nc5 58. Rd5 Ne4+
59. Kh3 Nf2+ 60. Kg3 Ng4 61. Nd7 Ne3 62. Ne5 Rc7 63. Rd3 Nf5+ 64. Kf4 Nxh4 65.
Kg5 Nxg2 66. Nxg6 h4 67. Ne5 Ne1 68. Re3 Nc2 69. Rh3 Re7 70. Kf4 Ne1 71. Rxh4
Ng2+ 0-1

[Event "Kieler Open 2015 Gruppe A"]
[Site "Kiel"]
[Date "2015.07.31"]
[Round "9.31"]
[White "Karlisch, Moritz"]
[Black "Thesing, Ansgar"]
[Result "1/2-1/2"]
[WhiteElo "1722"]
[BlackElo "1916"]
[PlyCount "94"]
[EventDate "2015.??.??"]

1. d4 g6 2. c4 d6 3. Nc3 Bg7 4. e4 Nf6 5. h3 Nbd7 6. Nge2 c5 7. d5 Ne5 8. Ng3
a6 9. Be3 Qc7 10. Be2 h5 11. f4 Ned7 12. Bd3 h4 13. Nge2 Nh5 14. O-O b5 15.
cxb5 c4 16. Bc2 axb5 17. Bd4 b4 18. Nb5 Qa5 19. Bxg7 Nxg7 20. Nbd4 Qb6 21. Kh1
Nh5 22. Rf3 Bb7 23. Ba4 Nhf6 24. Qc2 Qc5 25. Rc1 Ba6 26. Bc6 Rb8 27. Qa4 Bc8
28. Nb3 Qb6 29. Rxc4 O-O 30. Nbc1 Ba6 31. Rd4 Nc5 32. Qc2 Rbc8 33. e5 Nh5 34.
Qd2 Bb7 35. Rxb4 Qa5 36. Bxb7 Nxb7 37. Nb3 Qa6 38. Rc3 Qxe2 39. Qxe2 Ng3+ 40.
Kh2 Nxe2 41. Rxc8 Rxc8 42. Rxb7 Rc2 43. Rb4 Rxb2 44. a3 {=} 44... Rb1 45. Nd2
Rd1 46. Nf3 Ng3 47. Nxh4 Nf1+ 1/2-1/2

[Event "Kieler Open 2015 Gruppe A"]
[Site "Kiel"]
[Date "2015.07.31"]
[Round "9.32"]
[White "Quiring, Nikolai"]
[Black "Bosselmann, Tom Linus"]
[Result "1-0"]
[WhiteElo "2060"]
[BlackElo "1701"]
[PlyCount "53"]
[EventDate "2015.??.??"]

1. d4 d5 2. c4 c6 3. cxd5 cxd5 4. Nc3 e6 5. Bf4 Nf6 6. e3 Bd7 7. Nf3 Bb4 8. Bd3
Nc6 9. O-O O-O 10. Rc1 a6 11. Bg5 Be7 12. Na4 Nb4 13. Bb1 Ne4 14. Bxe7 Qxe7 15.
a3 Bxa4 16. Qxa4 Nc6 17. Bxe4 dxe4 18. Ne5 Nd8 19. Qd7 Qg5 20. Rc7 f6 21. f4
exf3 22. Rxf3 fxe5 23. Rg3 Rf1+ 24. Kxf1 Qf5+ 25. Ke2 Qh5+ 26. Kd2 Nf7 27. Rc8+
1-0

[Event "Kieler Open 2015 Gruppe A"]
[Site "Kiel"]
[Date "2015.07.31"]
[Round "9.33"]
[White "Werner, René"]
[Black "Rosenkranz, Bernd-Christian"]
[Result "1-0"]
[WhiteElo "1885"]
[BlackElo "1708"]
[PlyCount "83"]
[EventDate "2015.??.??"]

1. d4 Nf6 2. c4 c5 3. d5 e5 4. Nc3 d6 5. e4 Be7 6. Bd3 a6 7. Nge2 O-O 8. O-O
Nh5 9. f4 exf4 10. Nxf4 Nxf4 11. Bxf4 Bf6 12. Qe1 Qe7 13. Qg3 Bd4+ 14. Kh1 Be5
15. Bxe5 dxe5 16. Rad1 Qd6 17. Rd2 Nd7 18. Rdf2 f6 19. Be2 Nb6 20. a4 Bd7 21.
b3 Nc8 22. h4 Qe7 23. h5 h6 24. Bg4 Nd6 25. Rf3 Bxg4 26. Qxg4 Kh8 27. Rd1 b6
28. Rdd3 Ra7 29. Ne2 Qd7 30. Qh4 a5 31. Rf1 Rf7 32. Ng1 Ra8 33. Nf3 Raf8 34.
Re3 Re7 35. Qg3 Rg8 36. Nh4 Rf7 37. Qf3 Kh7 38. g4 Qc7 39. Re2 Rff8 40. Ref2
Nf7 41. Qf5+ Kh8 42. Ng6+ 1-0

[Event "Kieler Open 2015 Gruppe A"]
[Site "Kiel"]
[Date "2015.07.31"]
[Round "9.35"]
[White "Sommer, Stefan"]
[Black "Wunderlich, Matthias"]
[Result "1/2-1/2"]
[WhiteElo "1729"]
[BlackElo "1730"]
[PlyCount "82"]
[EventDate "2015.??.??"]

1. e4 d6 2. d4 Nf6 3. Nc3 Nbd7 4. f4 e5 5. Nf3 exd4 6. Qxd4 Be7 7. e5 dxe5 8.
fxe5 Bc5 9. Qh4 Qe7 10. Bf4 Bb4 11. Bd2 Nxe5 12. O-O-O Ng6 13. Qg5 O-O 14. Re1
Qc5 15. Qxc5 Bxc5 16. Bg5 Be6 17. Bxf6 gxf6 18. Ne4 Be7 19. a3 Rad8 20. Bd3 Nf4
21. Bf1 Rfe8 22. g3 Ng6 23. Bd3 Kg7 24. Nc3 c6 25. Rhf1 Bd6 26. Nd4 Be5 27.
Nf5+ Bxf5 28. Bxf5 Bxc3 29. bxc3 Re5 30. g4 Ne7 31. Bd3 Re8 32. c4 Ng6 33. Rd1
Ra5 34. Kb2 Ne5 35. Be2 Ng6 36. Bd3 Rg5 37. h3 Re7 38. Bf5 Nh4 39. Bc8 Rge5 40.
Rd6 Re3 41. Rd4 Ng6 1/2-1/2

[Event "Kieler Open 2015 Gruppe A"]
[Site "Kiel"]
[Date "2015.07.31"]
[Round "9.36"]
[White "Rohmann, Volker"]
[Black "Eberhardt, Michael"]
[Result "1/2-1/2"]
[WhiteElo "1841"]
[BlackElo "1827"]
[PlyCount "109"]
[EventDate "2015.??.??"]

1. e4 d5 2. exd5 Nf6 3. Bb5+ Bd7 4. Bc4 b5 5. Bb3 a5 6. c3 Bg4 7. f3 Bf5 8. d4
a4 9. Bc2 Bxc2 10. Qxc2 Nxd5 11. Ne2 e6 12. O-O Bd6 13. Qd3 Qd7 14. Nd2 O-O 15.
Ne4 Be7 16. Bd2 f5 17. Nf2 c5 18. Rad1 c4 19. Qc2 Nc6 20. Nf4 Rae8 21. Rfe1 Bf6
22. Nxd5 Qxd5 23. Bc1 b4 24. cxb4 Nxb4 25. Qxa4 Rb8 26. a3 Nc6 27. Qc2 Rb3 28.
Nh3 Nxd4 29. Qf2 e5 30. Be3 Rfb8 31. Bxd4 exd4 32. Nf4 Qb7 33. Nh5 Rxb2 34.
Nxf6+ gxf6 35. Qxd4 Qb6 36. Qxb6 R2xb6 37. Rc1 Rc8 38. Rc3 Rb3 39. Rec1 Rxc3
40. Rxc3 Kf7 41. Kf2 f4 42. g3 fxg3+ 43. hxg3 Ke6 44. Ke3 Kd5 45. Rc1 Re8+ 46.
Kd2 Kd4 47. Rh1 c3+ 48. Kc1 Kd3 49. Rd1+ Kc4 50. Rd7 Kb3 51. Rb7+ Kc4 52. Rxh7
Re3 53. Rc7+ Kb3 54. Rb7+ Kc4 55. Rc7+ 1/2-1/2

[Event "Kieler Open 2015 Gruppe A"]
[Site "Kiel"]
[Date "2015.07.31"]
[Round "9.38"]
[White "Friedel, Roland"]
[Black "Helmich, Jörg"]
[Result "1/2-1/2"]
[WhiteElo "1691"]
[BlackElo "1704"]
[PlyCount "33"]
[EventDate "2015.??.??"]

1. d4 f5 2. Bg5 g6 3. e3 Bg7 4. Nf3 Nf6 5. Nbd2 O-O 6. Bd3 d6 7. Bc4+ d5 8. Bb3
Nc6 9. c3 h6 10. Bh4 g5 11. Bg3 e6 12. Be5 Nxe5 13. Nxe5 Qe8 14. O-O Nd7 15.
Nxd7 Bxd7 16. Re1 c6 17. h3 1/2-1/2

[Event "Kieler Open 2015 Gruppe A"]
[Site "Kiel"]
[Date "2015.07.31"]
[Round "9.39"]
[White "Thormeier, Johannes"]
[Black "GutierrezBolado, Juan Antonio"]
[Result "1/2-1/2"]
[WhiteElo "1432"]
[BlackElo "1669"]
[PlyCount "69"]
[EventDate "2015.??.??"]

1. c4 e5 2. g3 Nc6 3. Bg2 Nf6 4. e4 Bc5 5. Nh3 O-O 6. O-O d6 7. d3 Nd4 8. Kh1
Bd7 9. Bg5 h6 10. Bxf6 Qxf6 11. f4 c6 12. Nc3 a5 13. Ne2 Bg4 14. Nhg1 exf4 15.
Rxf4 Qg6 16. Bh3 Bxh3 17. Nxd4 Bd7 18. Nf5 Bxf5 19. exf5 Qf6 20. d4 Bb6 21. Nf3
Rfe8 22. Qd2 Bc7 23. d5 c5 24. a4 b6 25. Re1 Rxe1+ 26. Nxe1 Re8 27. Nd3 Qg5 28.
Kg2 Bd8 29. h4 Qf6 30. Nf2 h5 31. Ne4 Qe5 32. Qc3 Bc7 33. Qxe5 Rxe5 34. Kf3 f6
35. Ke3 1/2-1/2

[Event "Kieler Open 2015 Gruppe A"]
[Site "Kiel"]
[Date "2015.07.31"]
[Round "9.40"]
[White "Isler, Benjamin"]
[Black "Röhl, Manfred"]
[Result "0-1"]
[WhiteElo "1704"]
[BlackElo "1826"]
[PlyCount "62"]
[EventDate "2015.??.??"]

1. e4 d6 2. d4 g6 3. Be3 Bg7 4. Nf3 Nd7 5. c3 c6 6. Nbd2 Qc7 7. Bc4 Nb6 8. Bb3
e6 9. c4 Ne7 10. Qc2 h6 11. h4 d5 12. c5 Nd7 13. e5 b6 14. Bf4 Ba6 15. a4 bxc5
16. dxc5 Rb8 17. a5 Rb5 18. Qd3 Nxc5 19. Qc3 Rxb3 20. Nxb3 Nd3+ 21. Kd2 Nxf4
22. Nc5 Be2 23. g3 Bxf3 24. Qxf3 Nh5 25. g4 Qxe5 26. Nd3 Qe4 27. Qxe4 dxe4 28.
gxh5 exd3 29. hxg6 Nxg6 30. Kxd3 Ke7 31. Rac1 Bxb2 0-1